|
|
|
|
| LEADER |
03384nam a2200481 4500 |
| 001 |
978-981-10-8715-8 |
| 003 |
DE-He213 |
| 005 |
20191024223209.0 |
| 007 |
cr nn 008mamaa |
| 008 |
180606s2018 si | s |||| 0|eng d |
| 020 |
|
|
|a 9789811087158
|9 978-981-10-8715-8
|
| 024 |
7 |
|
|a 10.1007/978-981-10-8715-8
|2 doi
|
| 040 |
|
|
|d GrThAP
|
| 050 |
|
4 |
|a QA76.758
|
| 072 |
|
7 |
|a UMZ
|2 bicssc
|
| 072 |
|
7 |
|a COM051230
|2 bisacsh
|
| 072 |
|
7 |
|a UMZ
|2 thema
|
| 082 |
0 |
4 |
|a 005.1
|2 23
|
| 100 |
1 |
|
|a Kumar, Sandeep.
|e author.
|4 aut
|4 http://id.loc.gov/vocabulary/relators/aut
|
| 245 |
1 |
0 |
|a Software Fault Prediction
|h [electronic resource] :
|b A Road Map /
|c by Sandeep Kumar, Santosh Singh Rathore.
|
| 250 |
|
|
|a 1st ed. 2018.
|
| 264 |
|
1 |
|a Singapore :
|b Springer Singapore :
|b Imprint: Springer,
|c 2018.
|
| 300 |
|
|
|a XI, 72 p. 8 illus., 1 illus. in color.
|b online resource.
|
| 336 |
|
|
|a text
|b txt
|2 rdacontent
|
| 337 |
|
|
|a computer
|b c
|2 rdamedia
|
| 338 |
|
|
|a online resource
|b cr
|2 rdacarrier
|
| 347 |
|
|
|a text file
|b PDF
|2 rda
|
| 490 |
1 |
|
|a SpringerBriefs in Computer Science,
|x 2191-5768
|
| 505 |
0 |
|
|a Chapter 1. Introduction -- Chapter 2. Software Fault Prediction Process -- Chapter 3. Types of Software Fault Prediction -- Chapter 4. Software Fault Dataset -- Chapter 5. Evaluation of Techniques for Binary Class Prediction -- Chapter 6. Number of Fault Prediction -- Chapter 7. Conclusions. .
|
| 520 |
|
|
|a This book focuses on exploring the use of software fault prediction in building reliable and robust software systems. It is divided into the following chapters: Chapter 1 presents an introduction to the study and also introduces basic concepts of software fault prediction. Chapter 2 explains the generalized architecture of the software fault prediction process and discusses its various components. In turn, Chapter 3 provides detailed information on types of fault prediction models and discusses the latest literature on each model. Chapter 4 describes the software fault datasets and diverse issues concerning fault datasets when building fault prediction models. Chapter 5 presents a study evaluating different techniques on the basis of their performance for software fault prediction. Chapter 6 presents another study evaluating techniques for predicting the number of faults in the software modules. In closing, Chapter 7 provides a summary of the topics discussed. The book will be of immense benefit to all readers who are interested in starting research in this area. In addition, it offers experienced researchers a valuable overview of the latest work in this area.
|
| 650 |
|
0 |
|a Software engineering.
|
| 650 |
|
0 |
|a Application software.
|
| 650 |
1 |
4 |
|a Software Engineering.
|0 http://scigraph.springernature.com/things/product-market-codes/I14029
|
| 650 |
2 |
4 |
|a Information Systems Applications (incl. Internet).
|0 http://scigraph.springernature.com/things/product-market-codes/I18040
|
| 700 |
1 |
|
|a Rathore, Santosh Singh.
|e author.
|4 aut
|4 http://id.loc.gov/vocabulary/relators/aut
|
| 710 |
2 |
|
|a SpringerLink (Online service)
|
| 773 |
0 |
|
|t Springer eBooks
|
| 776 |
0 |
8 |
|i Printed edition:
|z 9789811087141
|
| 776 |
0 |
8 |
|i Printed edition:
|z 9789811087165
|
| 830 |
|
0 |
|a SpringerBriefs in Computer Science,
|x 2191-5768
|
| 856 |
4 |
0 |
|u https://doi.org/10.1007/978-981-10-8715-8
|z Full Text via HEAL-Link
|
| 912 |
|
|
|a ZDB-2-SCS
|
| 950 |
|
|
|a Computer Science (Springer-11645)
|